000 00869nam a2200253Ia 4500
003 OSt
005 20220927103928.0
006 a|||||r|||| 00| 0
007 ta
008 220926b |||||||| |||| 00| 0 eng d
024 _a92252
037 _cReference Collections
040 _aRTL
_cRTL
_beng
041 _2eng
_aeng
082 _a"X9(D31):54.440k1(X).N7, M0"
110 _a"UNITED NATIONS, INTERNATIONAL TRADE CENTRE."
_9362209
245 0 _aSurvey of selected Middle Eastern markets for wood based building materials from developing countries.
260 _aGeneva
_bInternational Trade Centre
_c1980
300 _a154p.
_ccm.
650 _aHousing Industry
_9362210
700 _a"UNITED NATIONS, INTERNATIONAL TRADE CENTRE."
_9362211
942 _h"X9(D31):54.440k1(X).N7, M0"
_cCC
999 _c685147
_d685147